La exclusión social como una teoría de la distribución /
¿Por qué existe la desigualdad en las sociedades y cómo se explica su persistencia a lo largo del tiempo? Para responder a estas preguntas, el autor desarrolla un modelo analítico en el que los individuos participan en el proceso económico con una dotación desigual de tres tipos de bienes: económico...
Tallennettuna:
| Päätekijä: | |
|---|---|
| Aineistotyyppi: | Teksti |
| Julkaistu: |
San José:
FLACSO. Programa Costa Rica
|
| Aiheet: | |
| Tagit: |
Lisää tagi
Ei tageja, Lisää ensimmäinen tagi!
|
MARC
| LEADER | 00000 a a2200000 04500 | ||
|---|---|---|---|
| 001 | 45590 | ||
| 003 | |||
| 040 | |a CRAI/IIS |c CRAI/IIS | ||
| 100 | |a Figueroa, Adolfo | ||
| 245 | |a La exclusión social como una teoría de la distribución / |c Adolfo Figueroa | ||
| 260 | |a San José: |b FLACSO. Programa Costa Rica | ||
| 520 | |a ¿Por qué existe la desigualdad en las sociedades y cómo se explica su persistencia a lo largo del tiempo? Para responder a estas preguntas, el autor desarrolla un modelo analítico en el que los individuos participan en el proceso económico con una dotación desigual de tres tipos de bienes: económicos, políticos y culturales, y qué existe una jerarquía de mercados (de trabajo, de seguros y de crédito) los cuáles cumplen un papel fundamental en la reproducción de la desigualdad social y la pobreza. | ||
| 590 | |a RRH/FEBRERO2014 | ||
| 650 | |a POBREZA | ||
| 650 | |a EMPOBRECIMIENTO | ||
| 650 | |a DESIGUALDAD SOCIAL | ||
| 650 | |a MARGINALIDAD | ||
| 650 | |a EXCLUSION SOCIAL | ||
| 650 | |a INGRESO | ||
| 650 | |a DISTRIBUCION DEL INGRESO | ||
| 650 | |a MERCADO DE TRABAJO | ||
| 650 | |a POLITICA SOCIAL | ||
| 773 | |g páginas 25-50 | ||
| 999 | |c 18282 |d 18282 | ||
